Ciencias Sociales en América Latina y el Caribe /

Guardat en:
Dades bibliogràfiques
Autor corporatiu: CLACSO, ASDI
Format: Text
Publicat: Buenos Aires: CENEDIC. CLACSO
Etiquetes: Afegir etiqueta
Sense etiquetes, Sigues el primer a etiquetar aquest registre!

MARC

LEADER 00000 a a2200000 04500
001 29859
003
040
090 |a 194101  |b RECURSO ELECTRONICO  
110 |a CLACSO  
245 |a Ciencias Sociales en América Latina y el Caribe /  |c CLACSO  
260 |a Buenos Aires:   |b CENEDIC. CLACSO  
500 |a Debe ser instalado.También impreso Debe ser instalado.También impreso No. de acceso 145600-08  
710 |a ASDI  
999 |c 14378  |d 14378